[Event "Novokuznetsk Kuzbass op"]
[Site "Novokuznetsk"]
[Date "2014.08.13"]
[Round "3"]
[White "Kuznetsov, Evgeny"]
[Black "Maleev, Pavel"]
[Result "0-1"]
[WhiteElo "2170"]
[BlackElo "2254"]
[PlyCount "85"]
[EventDate "2014.08.11"]
[EventType "swiss"]
[EventRounds "9"]
[EventCountry "RUS"]
[SourceTitle "CBM 162 Extra"]
[Source "ChessBase"]
[SourceDate "2014.10.17"]
[SourceVersion "1"]
[SourceVersionDate "2014.10.17"]
[SourceQuality "1"]

1. Nf3 Nf6 2. d4 g6 3. c4 Bg7 4. Nc3 0-0 5. e4 d6 6. Be2 Bg4 7. Be3 Nfd7 8. Nd2 Bxe2 9. Qxe2 c5 10. d5 a6 11. 0-0 Qa5 12. Bg5 Re8 13. Nb3 Qc7 14. Rac1 Nf8 15. f4 b5 16. e5 dxe5 17. f5 Nbd7 18. Ne4 gxf5 19. Rxf5 e6 20. dxe6 Rxe6 21. Rcf1 bxc4 22. Qxc4 Nb6 23. Qxc5 Rc6 24. Qf2 Ra7 25. Nf6+ Bxf6 26. Rxf6 Rxf6 27. Bxf6 Ng6 28. h4 h5 29. Rd1 Nd7 30. Bd8 Qb8 31. Bg5 Rc7 32. Qe2 Qb6+ 33. Kh2 Nf6 34. Rf1 Ng4+ 35. Kh1 Qe6 36. Qe4 Rc4 37. Qe2 f6 38. Nd2 Rc8 39. Ne4 fxg5 40. hxg5 Rf8 41. Rd1 Qf5 42. Qc4+ Kh8 43. Qc6 0-1

[Event "Voronezh op-B 18th"]
[Site "Voronezh"]
[Date "2014.06.18"]
[Round "7"]
[White "Napalkov, Vladimir Aleksandro"]
[Black "Kuznetsov, Evgeny"]
[Result "1-0"]
[WhiteElo "2121"]
[BlackElo "2193"]
[PlyCount "123"]
[EventDate "2014.06.12"]
[EventType "swiss"]
[EventRounds "9"]
[EventCountry "RUS"]
[SourceTitle "EXT 2015"]
[Source "ChessBase"]
[SourceDate "2014.11.20"]
[SourceVersion "1"]
[SourceVersionDate "2014.11.20"]
[SourceQuality "1"]

1. d4 Nf6 2. c4 e5 3. dxe5 Ng4 4. Nf3 Nc6 5. e3 Bc5 6. Be2 0-0 7. 0-0 Re8 8. Nc3 Ngxe5 9. Nxe5 Nxe5 10. Kh1 a5 11. f4 Ng6 12. e4 d6 13. Bd3 Qh4 14. Nd5 Bg4 15. Qc2 Rac8 16. Be3 Bxe3 17. Nxe3 Bd7 18. Nd5 c6 19. Nb6 Rcd8 20. Qd2 Qh6 21. Rf2 Qh5 22. Raf1 Qc5 23. Nxd7 Rxd7 24. h3 Nf8 25. b3 f6 26. Bb1 a4 27. Qc2 Rde7 28. Qd2 Ra8 29. Rd1 axb3 30. axb3 Rd7 31. Rf3 Re8 32. Qc3 Rde7 33. b4 Qh5 34. Rxd6 Qh4 35. c5 Ng6 36. Qd2 Nf8 37. Rf1 Qg3 38. Rd3 Qh4 39. Rd8 Qh5 40. e5 f5 41. Rxe8 Rxe8 42. Rd1 h6 43. Qc2 Kh8 44. Rd6 Ne6 45. Qd2 Qh4 46. Bxf5 Nf8 47. Bc2 Ne6 48. f5 Nf8 49. f6 Rxe5 50. fxg7+ Kxg7 51. Kh2 Re6 52. Rd4 Qf6 53. Rg4+ Kh8 54. Bb3 Qe5+ 55. Qf4 Qxf4+ 56. Rxf4 Re8 57. Rf7 Rb8 58. Kg3 Ra8 59. Kg4 Ng6 60. Kh5 Ne5 61. Re7 Ra3 62. Kxh6 1-0

[Event "Novokuznetsk op"]
[Site "Novokuznetsk"]
[Date "2013.08.18"]
[Round "8"]
[White "Kuznetsov, Evgeny"]
[Black "Alimov, Alexander"]
[Result "1-0"]
[WhiteElo "2190"]
[BlackElo "1964"]
[PlyCount "69"]
[EventDate "2013.08.11"]
[EventType "swiss"]
[EventRounds "9"]
[EventCountry "RUS"]
[SourceTitle "CBM 156 Extra"]
[Source "ChessBase"]
[SourceDate "2013.10.22"]
[SourceVersion "1"]
[SourceVersionDate "2013.10.22"]
[SourceQuality "1"]

1. d4 Nf6 2. c4 g6 3. Nc3 Bg7 4. g3 d6 5. Bg2 0-0 6. e3 c5 7. Nge2 Nc6 8. 0-0 a6 9. h3 Bd7 10. Qd2 Rb8 11. Rd1 Qc8 12. g4 b6 13. b3 h5 14. g5 Nh7 15. h4 Bh3 16. Bxc6 Qxc6 17. Nd5 Rbe8 18. Kh2 Bg4 19. Bb2 Bf3 20. dxc5 Bxb2 21. Qxb2 bxc5 22. Rd2 Qc8 23. Rg1 Qf5 24. Nef4 e5 25. Rg3 Be4 26. Nh3 Bxd5 27. Rxd5 Re6 28. f3 Ree8 29. Rxd6 Qc8 30. Nf2 Re6 31. Rd5 f5 32. gxf6 Nxf6 33. Rxg6+ Kf7 34. Rxf6+ Kxf6 35. Ne4+ 1-0

[Event "Izmailov Memorial op 17th"]
[Site "Tomsk"]
[Date "2013.06.14"]
[Round "4"]
[White "Egorov, Evgeni"]
[Black "Kuznetsov, Evgeny"]
[Result "1-0"]
[WhiteElo "2352"]
[BlackElo "2172"]
[PlyCount "77"]
[EventDate "2013.06.11"]
[EventType "swiss"]
[EventRounds "9"]
[EventCountry "RUS"]
[SourceTitle "CBM 154 Extra"]
[Source "ChessBase"]
[SourceDate "2013.06.25"]
[SourceVersion "2"]
[SourceVersionDate "2013.06.25"]
[SourceQuality "1"]

1. e4 e6 2. d4 d5 3. e5 c5 4. c3 Nc6 5. Nf3 Bd7 6. Be2 f6 7. 0-0 fxe5 8. dxe5 Qc7 9. Bf4 Nge7 10. Re1 Ng6 11. Bg3 Be7 12. c4 d4 13. Bd3 0-0-0 14. a3 Rdf8 15. Nbd2 Nf4 16. Ne4 h6 17. b4 cxb4 18. c5 Kb8 19. Nd6 Nd5 20. Bc4 Nc3 21. Qd3 bxa3 22. Nxd4 Nxd4 23. Qxd4 Na4 24. c6 bxc6 25. Rxa3 Nb6 26. Rea1 Nc8 27. Rb3+ Nb6 28. Rba3 Nc8 29. Qb2+ Ka8 30. Rb3 h5 31. f3 c5 32. Nb5 Bxb5 33. Rxb5 h4 34. Bd3 Rd8 35. Be4+ Rd5 36. Bf2 h3 37. Ra6 Rhd8 38. gxh3 c4 39. Rc6 1-0

[Event "Izmailov Memorial op 15th"]
[Site "Tomsk"]
[Date "2011.06.08"]
[Round "8"]
[White "Kuznetsov, Evgeny"]
[Black "Nebolsina, Vera"]
[Result "1-0"]
[WhiteElo "2180"]
[BlackElo "2320"]
[PlyCount "71"]
[EventDate "2011.06.01"]
[EventType "swiss"]
[EventRounds "9"]
[EventCountry "RUS"]
[SourceTitle "EXT 2013"]
[Source "ChessBase"]
[SourceDate "2012.11.22"]
[SourceVersion "1"]
[SourceVersionDate "2012.11.22"]
[SourceQuality "1"]

1. d4 d5 2. c4 c6 3. Nf3 Nf6 4. Nc3 a6 5. e3 Bf5 6. Qb3 Ra7 7. Nh4 Bg4 8. h3 Bh5 9. cxd5 Nxd5 10. g4 e6 11. e4 Nxc3 12. bxc3 Be7 13. gxh5 Bxh4 14. Be3 0-0 15. Rg1 Nd7 16. e5 Kh8 17. Qc2 f5 18. exf6 Nxf6 19. 0-0-0 b6 20. Bd3 Nd5 21. Qd2 Qd6 22. Kb1 Raf7 23. Rg2 b5 24. Rc1 Qa3 25. Be4 Nb6 26. Rc2 Nc4 27. Qe2 Qd6 28. Bc1 Bxf2 29. Bd3 Qd5 30. Be4 Qd8 31. Bd3 Qh4 32. Qxe6 Be3 33. Bxe3 Qe1+ 34. Rc1 Qxe3 35. Bxc4 Qf3 36. Rf1 1-0

[Event "Izmailov Memorial op 15th"]
[Site "Tomsk"]
[Date "2011.06.04"]
[Round "4"]
[White "Gutov, Andrey"]
[Black "Kuznetsov, Evgeny"]
[Result "1/2-1/2"]
[WhiteElo "2425"]
[BlackElo "2180"]
[PlyCount "90"]
[EventDate "2011.06.01"]
[EventType "swiss"]
[EventRounds "9"]
[EventCountry "RUS"]
[SourceTitle "EXT 2013"]
[Source "ChessBase"]
[SourceDate "2012.11.22"]
[SourceVersion "1"]
[SourceVersionDate "2012.11.22"]
[SourceQuality "1"]

1. d4 d5 2. c4 e6 3. Nc3 c5 4. cxd5 exd5 5. Nf3 Nc6 6. g3 Nf6 7. Bg2 Be7 8. 0-0 0-0 9. Bg5 cxd4 10. Nxd4 h6 11. Be3 Re8 12. Qb3 Na5 13. Qc2 Bg4 14. h3 Bh5 15. Nf5 Rc8 16. Bd4 Bc5 17. Bxc5 Rxc5 18. Ne3 Nc6 19. Rfd1 d4 20. Bxc6 Rxc6 21. Qd3 Qc8 22. Qxd4 Qxh3 23. Rd2 Rce6 24. Qh4 Qxh4 25. gxh4 Ne4 26. Rd7 Nxc3 27. bxc3 Bxe2 28. Rxb7 a5 29. Rd7 Rg6+ 30. Kh2 Rf6 31. Kg2 Ree6 32. Re1 Rg6+ 33. Kh2 Bf3 34. Rd8+ Kh7 35. Rd4 Ref6 36. Rg1 Rxg1 37. Kxg1 g5 38. Kh2 Kg6 39. hxg5 hxg5 40. Kg3 Bb7 41. f4 gxf4+ 42. Rxf4 Rxf4 43. Kxf4 Kf6 44. Nc4 Bd5 45. Nxa5 Bxa2 1/2-1/2

[Event "Izmailov Memorial op 15th"]
[Site "Tomsk"]
[Date "2011.06.03"]
[Round "3"]
[White "Kuznetsov, Evgeny"]
[Black "Likhanov, Igor"]
[Result "1-0"]
[WhiteElo "2180"]
[BlackElo "1955"]
[PlyCount "75"]
[EventDate "2011.06.01"]
[EventType "swiss"]
[EventRounds "9"]
[EventCountry "RUS"]
[SourceTitle "EXT 2013"]
[Source "ChessBase"]
[SourceDate "2012.11.22"]
[SourceVersion "1"]
[SourceVersionDate "2012.11.22"]
[SourceQuality "1"]

1. Nf3 Nf6 2. e3 g6 3. c4 Bg7 4. Nc3 0-0 5. d4 d6 6. Be2 Bg4 7. Qb3 Qc8 8. Bd2 Nbd7 9. h3 Bxf3 10. Bxf3 c6 11. Rc1 Re8 12. 0-0 e5 13. g4 Nf8 14. dxe5 dxe5 15. g5 e4 16. Bg2 N6d7 17. Nxe4 Rxe4 18. Bxe4 Nc5 19. Qc2 Qxh3 20. Bg2 Qg4 21. b4 Nce6 22. f4 Re8 23. Qd1 Qg3 24. Qf3 Qxf3 25. Bxf3 f5 26. Bc3 Bxc3 27. Rxc3 a5 28. b5 cxb5 29. cxb5 b6 30. Rd1 h6 31. gxh6 g5 32. fxg5 Nxg5 33. Kf2 Kh7 34. Rc7+ Kh8 35. Rd5 Nfe6 36. Rb7 Rg8 37. Rxf5 Nc5 38. Rg7 1-0

[Event "Izmailov Memorial op 15th"]
[Site "Tomsk"]
[Date "2011.06.02"]
[Round "2"]
[White "Zablotsky, Sergei"]
[Black "Kuznetsov, Evgeny"]
[Result "1-0"]
[WhiteElo "2535"]
[BlackElo "2180"]
[PlyCount "79"]
[EventDate "2011.06.01"]
[EventType "swiss"]
[EventRounds "9"]
[EventCountry "RUS"]
[SourceTitle "EXT 2013"]
[Source "ChessBase"]
[SourceDate "2012.11.22"]
[SourceVersion "1"]
[SourceVersionDate "2012.11.22"]
[SourceQuality "1"]

1. e4 d6 2. d4 Nf6 3. Nc3 e5 4. Nf3 exd4 5. Nxd4 Be7 6. Bf4 0-0 7. Qd2 Nc6 8. Nxc6 bxc6 9. Be2 Be6 10. 0-0 Qc8 11. Rad1 Nd7 12. b3 Ne5 13. Bg3 f6 14. f4 Nd7 15. h3 Qb7 16. Bf2 Rad8 17. Rfe1 Rfe8 18. Qd4 Nb6 19. Bf3 Qc8 20. Qd3 Bf8 21. Ne2 c5 22. Qb5 Bd7 23. Qa5 Bc6 24. Nc3 Qb7 25. Rd3 g6 26. Rde3 Bh6 27. Bg3 Bg7 28. Kh2 f5 29. Bh4 Rc8 30. exf5 Rxe3 31. Rxe3 Bxf3 32. Rxf3 gxf5 33. Rg3 Kf7 34. Qb5 Bxc3 35. Qe2 Qe4 36. Qh5+ Ke6 37. Rxc3 Rg8 38. Rf3 Qxc2 39. Re3+ Kd5 40. Qf3+ 1-0

[Event "Novokuznetsk Goryainov op"]
[Site "Novokuznetsk"]
[Date "2010.08.15"]
[Round "4"]
[White "Petrukhina, Irina"]
[Black "Kuznetsov, Evgeny"]
[Result "1/2-1/2"]
[WhiteElo "2084"]
[BlackElo "2171"]
[PlyCount "125"]
[EventDate "2010.08.12"]
[EventType "swiss"]
[EventRounds "9"]
[EventCountry "RUS"]
[SourceTitle "CBM 138 Extra"]
[Source "ChessBase"]
[SourceDate "2010.10.29"]
[SourceVersion "1"]
[SourceVersionDate "2010.10.29"]
[SourceQuality "1"]

1. d4 Nf6 2. c4 e6 3. Nc3 Bb4 4. Qc2 Nc6 5. Nf3 h6 6. e4 Bxc3+ 7. bxc3 d6 8. Bd3 0-0 9. h3 e5 10. g4 Nh7 11. Be3 Qf6 12. Ke2 Ne7 13. Rag1 Ng6 14. h4 Nf4+ 15. Bxf4 Qxf4 16. Qd2 Qxd2+ 17. Kxd2 f6 18. c5 Be6 19. d5 Bf7 20. Rb1 Rfb8 21. cxd6 cxd6 22. Ke3 Be8 23. Nd2 Kf8 24. Rb4 b6 25. Rhb1 Rc8 26. Nc4 Ke7 27. Kd2 Rc7 28. Ne3 g6 29. Ba6 Bd7 30. Rh1 Rb8 31. h5 g5 32. Bb5 Bc8 33. Bc6 f5 34. exf5 Nf6 35. a4 Bd7 36. Bxd7 Kxd7 37. a5 b5 38. c4 a6 39. cxb5 Rc5 40. Rc1 Nxd5 41. Rxc5 Nxb4 42. Rc4 Rxb5 43. Kc3 Nc6 44. f6 d5 45. Nxd5 Rxd5 46. f7 Ke7 47. Rxc6 Rxa5 48. Rf6 Kf8 49. Rxh6 Kxf7 50. Kd3 Ra4 51. f3 a5 52. Rg6 Rf4 53. Rxg5 Rxf3+ 54. Ke4 Rg3 55. Rf5+ Kg7 56. g5 a4 57. Rxe5 Rh3 58. g6 Kh6 59. Kf4 Rh4+ 60. Kg3 Rb4 61. Ra5 a3 62. Kf3 Rh4 63. Kg3 1/2-1/2

[Event "Novokuznetsk Goryainov op"]
[Site "Novokuznetsk"]
[Date "2010.08.12"]
[Round "1"]
[White "Kuznetsov, Evgeny"]
[Black "Katanova, Marina"]
[Result "1-0"]
[WhiteElo "2171"]
[BlackElo "1960"]
[PlyCount "97"]
[EventDate "2010.08.12"]
[EventType "swiss"]
[EventRounds "9"]
[EventCountry "RUS"]
[SourceTitle "CBM 138 Extra"]
[Source "ChessBase"]
[SourceDate "2010.10.29"]
[SourceVersion "1"]
[SourceVersionDate "2010.10.29"]
[SourceQuality "1"]

1. e4 e5 2. Nf3 Nf6 3. Nc3 Nc6 4. d4 exd4 5. Nxd4 Bb4 6. Nxc6 bxc6 7. Bd3 d5 8. exd5 cxd5 9. 0-0 0-0 10. Bg5 c6 11. Qf3 Be7 12. Rae1 Be6 13. Ne2 Rb8 14. Bc1 Qd7 15. h3 Rfe8 16. Nd4 Bd6 17. Nf5 Bxf5 18. Bxf5 Qc7 19. c3 Re7 20. Qd1 h6 21. Rxe7 Bxe7 22. Re1 Bd6 23. Qa4 Nd7 24. Bxh6 Ne5 25. Bg5 Rxb2 26. Qh4 Ng6 27. Re8+ Bf8 28. Bxg6 fxg6 29. f4 Qf7 30. Qe1 Kh7 31. Kh2 Rxa2 32. Rd8 Ra4 33. Qh4+ Kg8 34. Qg4 Re4 35. Qc8 Re6 36. Rd7 Qf5 37. Rxa7 Re2 38. Ra8 Qxc8 39. Rxc8 c5 40. Rd8 d4 41. cxd4 cxd4 42. Rxd4 Kf7 43. Rd8 Be7 44. Rd7 Ke8 45. Rxe7+ Rxe7 46. Bxe7 Kxe7 47. Kg3 Ke6 48. Kg4 Kf6 49. g3 1-0